Towards a new poverty agenda in Asia : (Record no. 48976)
[ view plain ]
| 000 -LEADER | |
|---|---|
| fixed length control field | 01602cam a22003138a 4500 |
| 005 - DATE AND TIME OF LATEST TRANSACTION | |
| control field | 20100715161929.0 |
| 008 - FIXED-LENGTH DATA ELEMENTS--GENERAL INFORMATION | |
| fixed length control field | 100708s2010 ii b 001 0 eng |
| 010 ## - LCCN (DPL NO) | |
| LC control number | ENG-101762 |
| 020 ## - INTERNATIONAL STANDARD BOOK NUMBER | |
| International Standard Book Number | 9788132105046 |
| Terms of availability | 695.00 |
| 035 ## - SYSTEM CONTROL NUMBER | |
| System control number | EN-85295 |
| 037 ## - SOURCE OF ACQUISITION | |
| Source of stock number/acquisition | DBAD/PUB |
| 040 ## - CATALOGING SOURCE | |
| Original cataloging agency | dpl |
| Language of cataloging | Eng |
| 082 00 - DEWEY DECIMAL CLASSIFICATION NUMBER | |
| Classification number | 320.6091724 |
| Edition number | 22 |
| 100 1# - MAIN ENTRY--PERSONAL NAME | |
| Personal name | Haan, Arjan de |
| 9 (RLIN) | 24593 |
| 245 10 - TITLE STATEMENT | |
| Title | Towards a new poverty agenda in Asia : |
| Remainder of title | social policies and economic transformation / |
| Statement of responsibility, etc | by Arjan De Haan |
| 260 ## - PUBLICATION, DISTRIBUTION, ETC. (IMPRINT) | |
| Place of publication, distribution, etc | New Delhi |
| Name of publisher, distributor, etc | Sage Publications |
| Date of publication, distribution, etc | 2010 |
| 270 ## - ADDRESS | |
| Address | BI-1 Mohan Cooperative Industrial Area , Mathura Road |
| City | New Delhi |
| Postal code | 110044 |
| 300 ## - PHYSICAL DESCRIPTION | |
| Extent | xiii,260p. |
| Dimensions | 23cm (Hb) |
| 500 ## - GENERAL NOTE | |
| General note | Includes bibliographical references and index. |
| 505 0# - FORMATTED CONTENTS NOTE | |
| Formatted contents note | Why social policy matters -- Globalization: all boats rising or growing divides? -- Demise of the state? -- International development and social policy -- Latin America: from corporatism to liberalism -- The short era of the developmental state in Africa -- East Asia: social policy's role in economic success -- South Asian welfarism -- A normative framework for social policy. |
| 650 #0 - SUBJECT ADDED ENTRY--TOPICAL TERM | |
| Topical term or geographic name as entry element | Social policy. |
| 9 (RLIN) | 24594 |
| 650 #0 - SUBJECT ADDED ENTRY--TOPICAL TERM | |
| Topical term or geographic name as entry element | Economic development. |
| 9 (RLIN) | 1374 |
| 650 #0 - SUBJECT ADDED ENTRY--TOPICAL TERM | |
| Topical term or geographic name as entry element | Poverty. |
| 9 (RLIN) | 24595 |
| 651 #0 - SUBJECT ADDED ENTRY--GEOGRAPHIC NAME | |
| Geographic name | Asia |
| General subdivision | Social policy. |
| 9 (RLIN) | 24596 |
| 651 #0 - SUBJECT ADDED ENTRY--GEOGRAPHIC NAME | |
| Geographic name | Developing countries |
| General subdivision | Social policy. |
| 9 (RLIN) | 24597 |
| 942 ## - ADDED ENTRY ELEMENTS (KOHA) | |
| Source of classification or shelving scheme | Dewey Decimal Classification |
| Item type | English Books |
| Classification part | 320.6091724 |
| Call number suffix | HAA |
| Withdrawn status | Lost status | Source of classification or shelving scheme | Damaged status | Not for loan | Collection code | Home library | Current library | Date acquired | Source of acquisition | Cost, normal purchase price | Total Checkouts | Full call number | Barcode | Date last seen | Copy number | Cost, replacement price | Koha item type |
|---|---|---|---|---|---|---|---|---|---|---|---|---|---|---|---|---|---|
| Dewey Decimal Classification | Not For Loan | Non-fiction | D.B.Act.Division | D.B.Act.Division | 06/12/2010 | DBAD/PUB | 695.00 | 320.6091724 HAA | EN-85295 | 06/12/2010 | 1 | 695.00 | English Books |
